Van gotiek tot empire (Record no. 7903)
[ view plain ]
| 000 -CABECERA | |
|---|---|
| campo de control de longitud fija | 00725nam a2200229 a 4500 |
| 001 - NÚMERO DE CONTROL | |
| campo de control | BRCA_8235 |
| 005 - FECHA Y HORA DE LA ÚLTIMA TRANSACCIÓN | |
| campo de control | 20190320210204.0 |
| 008 - DATOS DE LONGITUD FIJA--INFORMACIÓN GENERAL | |
| campo de control de longitud fija | 230514s1957----ne-a###f##---#000-0#dut-# |
| 041 ## - CÓDIGO DE LENGUA | |
| Código de lengua del texto/banda sonora o título independiente | dut |
| 044 ## - CÓDIGO DEL PAÍS DE LA ENTIDAD EDITORA/PRODUCTORA | |
| Código MARC del país | ne |
| 050 #4 - SIGNATURA TOPOGRÁFICA DE LA BIBLIOTECA DEL CONGRESO | |
| Número de clasificación | NK947 |
| Número de documento/Ítem | .R5 1957 |
| 110 2# - ENTRADA PRINCIPAL--NOMBRE DE ENTIDAD CORPORATIVA | |
| Nombre de entidad corporativa o nombre de jurisdicción como elemento de entrada | Rijksmuseum |
| 9 (RLIN) | 20534 |
| 245 10 - MENCIÓN DE TÍTULO | |
| Título | Van gotiek tot empire |
| Resto del título | franse meesterwerken uit het Musée des Arts Décoratifs te Parijs |
| Mención de responsabilidad, etc. | Rijksmuseum. |
| 260 ## - PUBLICACIÓN, DISTRIBUCIÓN, ETC. | |
| Lugar de publicación, distribución, etc. | Amsterdam |
| Nombre del editor, distribuidor, etc. | Rijksmuseum |
| Fecha de publicación, distribución, etc. | 1957 |
| 300 ## - DESCRIPCIÓN FÍSICA | |
| Extensión | 100 p. |
| Otras características físicas | il., 64 láminas |
| Dimensiones | 19 cm. |
| 500 ## - NOTA GENERAL | |
| Nota general | T28e |
| 610 24 - PUNTO DE ACCESO ADICIONAL DE MATERIA--NOMBRE DE ENTIDAD CORPORATIVA | |
| Nombre de entidad corporativa o nombre de jurisdicción como elemento de entrada | Musée des Arts Décoratifs de Paris |
| Subdivisión de forma | Exposiciones |
| Subdivisión geográfica | Francia |
| 9 (RLIN) | 20535 |
| 650 14 - PUNTO DE ACCESO ADICIONAL DE MATERIA--TÉRMINO DE MATERIA | |
| Término de materia o nombre geográfico como elemento de entrada | Arte gótico |
| Subdivisión de forma | Exposiciones |
| 9 (RLIN) | 12894 |
| 650 14 - PUNTO DE ACCESO ADICIONAL DE MATERIA--TÉRMINO DE MATERIA | |
| Término de materia o nombre geográfico como elemento de entrada | Arte imperial |
| Subdivisión de forma | Exposiciones |
| 9 (RLIN) | 20536 |
| 902 ## - CATALOGADOR | |
| Iniciales | GFM |
| 942 ## - ELEMENTOS DE PUNTO DE ACCESO ADICIONAL (KOHA) | |
| Fuente del sistema de clasificación o colocación | Library of Congress Classification |
| Tipo de ítem Koha | Libros |
| Estado de retiro | Estado de pérdida | Estado dañado | No para préstamo | Localización permanente | Ubicación/localización actual | Fecha de adquisición | Número de inventario | Total de préstamos | Signatura topográfica completa | Código de barras | Fecha visto por última vez | Precio válido a partir de | Tipo de ítem Koha |
|---|---|---|---|---|---|---|---|---|---|---|---|---|---|
| El ejemplar forma parte de la colección y puede ser consultado según las políticas vigentes. | Biblioteca del Museo Franz Mayer (Rogerio Casas-Alatriste) | Biblioteca del Museo Franz Mayer (Rogerio Casas-Alatriste) | 23/05/2014 | T28e | NK947 .R5 1957 (T28e) | 8859 | 22/03/2019 | 22/03/2019 | Libros |